000
00318nam a22001457a 4500
008
210527b ||||| |||| 00| 0 eng d
020
_a
9780805858099
041
_a
eng
080
_a
159.9
082
_a
159.9
100
_a
48
101
_a
PSI
245
_a
Communication as Comfort
_c
Ragan,S.L
942
_2
udc
_c
BK
999
_c
57747
_d
57747